| 000 | 01518 a2200217 4500 | ||
|---|---|---|---|
| 001 | 32397 | ||
| 005 | 20260407155622.0 | ||
| 008 | 260407a1982 arg spa d | ||
| 003 | AR-UNSa-BCEJYS | ||
| 040 |
_aAR-UNSa-BCEJYS _bspa _cAR-UNSa-BCEJYS |
||
| 080 |
_a658.012.123 _xModelos de decisión. Diagramas de decisión. Árboles de decisión (Cursogramas) |
||
| 245 | 1 | 0 | _aCircuitos administrativos |
| 250 | _a3a. ed | ||
| 264 | 1 |
_aBuenos Aires : _bEl Coloquio _c1982 |
|
| 300 |
_a224 p. _c24 cm. |
||
| 505 | _a1. Ventas al contado en el mostrador - 2. Ventas con factración 3. Ventas con factración - 4. Ventas con factración - 5. Ventas al interior por correspondencia - 6. Ventas al interior por corredores - 7. Ingresos de caja y bancos - 8. Ingresos por correspondencia - 9. Ingreso de documentos a cobrar - 10. Cobranzas por intermedio de corredores - 11. Cobranzas por intermedio de viajantes - 12. Descuentos o endoso de documentos a cobrar - 13. Compras menos - 13. Compras menores - 14. Compras menores y pago a proveedores - 15. Compras mayores - 16. Pago a proveedores - 17. Compras y pago a proveedores - 18. Emisión deobligaciones a pagar - 19. Levantamiento de obligaciones a pagar - 20. Constitución del fondo fijo - 21. Reposición del fondo fijo - 22. Liquidación de sueldos y jornales - 23. Liquidación y pago de sueldos y jornales - 24. Liquidación de jornales a destajo | ||
| 041 | _aspa | ||
| 942 | _cBK | ||
| 590 | _aniveau_biblio:m niveau_hierar:0 | ||
| 100 | 1 | _aKlein, Miguel Jorge | |
| 999 |
_c2272 _d2272 |
||